History Quiz

Random History or Quote Quiz

Famous Quotes About 'W' Quiz Stats

 Plays Quiz Updated Jan 21, 2016

Challenge
Share
Tweet
Embed
Score 0/28 Timer 08:00
4 Plays Today
% Correct
Wet
98.8%
Web
97%
Woman
96.5%
Wrestle
95.9%
Weed
93.6%
Wrinkles
92.2%
Winning
91.9%
Worthwhile
91%
Wisdom
89.9%
Wrong
89.3%
Wind
88%
Wedding
86.8%
Witness
83.6%
War
82%
% Correct
World
75.4%
Witticism
73.9%
Worry
72.8%
Wit
70.5%
Work
70%
Washington
65.7%
Waist
61.3%
Wealth
60.5%
Wine
57%
Wings
55.6%
Whiskey
50.4%
Wickedness
48.9%
Weakness
48.1%
Warning
34%

You're not logged in!

Compare scores with friends on all Sporcle quizzes.
OR
Log In

You Might Also Like...

Show Comments

Extras

Top Quizzes Today


Score Distribution

Your Account Isn't Verified!

In order to create a playlist on Sporcle, you need to verify the email address you used during registration. Go to your Sporcle Settings to finish the process.

Report this User

Report this user for behavior that violates our Community Guidelines.

Details: